Dom Živeny Martin

Na minha lista:
Detalhes bibliográficos
Autor principal: Kudlejová, Eva (Author)
Outros Autores: Nádaská, Zuzana (Thesis advisor)
Formato: Manuscrito Livro
Idioma:eslovaco
Publicado em: 2025
Assuntos:
Acesso em linha:http://is.stuba.sk/zp/portal_zp.pl?podrobnosti=184858
CRZP
Tags: Adicionar Tag
Sem tags, seja o primeiro a adicionar uma tag!

MARC

LEADER 00000ntm a22000003a 4500
001 stuzp104092
003 SK-STU
005 20250728112822.1
007 ta
008 150427s2015----xo-----f-mn---000-0-slo-d
040 |a STU  |b slo 
041 0 |a slo 
100 1 |a Kudlejová, Eva  |u 010310  |4 aut  |U SvF Stavebná fakulta  |T SvF Katedra architektúry  |X 104352  |U V181|V310  |Y 19  |7 104352 
242 0 1 |a Hause Živena Martin  |y eng 
245 1 0 |a Dom Živeny Martin 
260 |c 2025 
650 4 |a renewal  |2 eng 
650 4 |a nature  |2 eng 
650 4 |a Živena  |2 eng 
650 4 |a garden  |2 eng 
650 4 |a Živena  |2 slo 
650 4 |a príroda  |2 slo 
650 4 |a obnova  |2 slo 
650 4 |a záhrada  |2 slo 
700 1 |a Nádaská, Zuzana  |u 010310  |k Z1  |4 ths  |U SvF Stavebná fakulta  |T SvF Katedra architektúry  |X 790  |U V181|V310  |Y 19  |7 A000000790 
856 4 |u http://is.stuba.sk/zp/portal_zp.pl?podrobnosti=184858 
856 4 |u https://opac.crzp.sk/?fn=detailBiblioForm&sid=226A7A544DA3649F6A503CE9F6D0  |z CRZP